000 00386cam a2200157ua 4500
003 OSt
008 240115b |||||||| |||| 00| 0 eng d
041 _ahin
082 _a891.8121
_bNAR/CH
100 _aNarayana Menon, Vallathol.
_91654
245 _aChitrayogam /
250 _a7 /
260 _aCheruthuruthy :
_bVallathol Granthalayam ,
_c1962.
300 _a883 ; .
942 _cBK
999 _c4093
_d4093